Essentials of Pediatric Nursing (Record no. 158552)

MARC details
000 -LEADER
fixed length control field 00454nam a2200181Ia 4500
003 - CONTROL NUMBER IDENTIFIER
control field OSt
005 - DATE AND TIME OF LATEST TRANSACTION
control field 20260306124430.0
008 - FIXED-LENGTH DATA ELEMENTS--GENERAL INFORMATION
fixed length control field 230411s9999 xx 000 0 und d
020 ## - INTERNATIONAL STANDARD BOOK NUMBER
International Standard Book Number 978-93-5152-666-7
041 ## - LANGUAGE CODE
Language code of text/sound track or separate title eng
082 ## - DEWEY DECIMAL CLASSIFICATION NUMBER
Classification number P/618/SHA/B09473
100 ## - MAIN ENTRY--PERSONAL NAME
Personal name Sharma Rimple
9 (RLIN) 179492
245 ## - TITLE STATEMENT
Title Essentials of Pediatric Nursing
260 ## - PUBLICATION, DISTRIBUTION, ETC. (IMPRINT)
Name of publisher, distributor, etc. Jaypee Brothers
Place of publication, distribution, etc. New Delhi
Date of publication, distribution, etc. 2021
300 ## - PHYSICAL DESCRIPTION
Extent 493p
942 ## - ADDED ENTRY ELEMENTS (KOHA)
Source of classification or shelving scheme Dewey Decimal Classification
Koha item type Books
Holdings
Withdrawn status Lost status Damaged status Not for loan Collection code Home library Current library Date acquired Vendor Cost, normal purchase price Bill number Total Checkouts Full call number Barcode Date last seen Cost, replacement price Bill Date Koha item type Original Barcode
          Smt. Bakul Tambat Institute of Nursing Education Smt. Bakul Tambat Institute of Nursing Education 10/12/2020 S.K.Kothari,Pune. 895.00 189   P 618 SHA B09473 BTIN-BK-9474 11/04/2023 581.75 30/03/2017 Books B09474
          Smt. Bakul Tambat Institute of Nursing Education Smt. Bakul Tambat Institute of Nursing Education 10/12/2020 S.K.Kothari,Pune. 895.00 189   P 618 SHA B09474 BTIN-BK-9475 05/12/2023 581.75 30/03/2017 Books B09475
          Smt. Bakul Tambat Institute of Nursing Education Smt. Bakul Tambat Institute of Nursing Education 10/12/2020 S.K.Kothari,Pune. 895.00 189   P 618 SHA B09475 BTIN-BK-9476 11/04/2023 581.75 30/03/2017 Books B09476
          Smt. Bakul Tambat Institute of Nursing Education Smt. Bakul Tambat Institute of Nursing Education 10/12/2020 S.K.Kothari,Pune. 895.00 189   P 618 SHA B09476 BTIN-BK-9477 11/04/2023 581.75 30/03/2017 Books B09477
          Smt. Bakul Tambat Institute of Nursing Education Smt. Bakul Tambat Institute of Nursing Education 10/12/2020 S.K.Kothari,Pune. 895.00 189   P 618 SHA B09477 BTIN-BK-9478 11/04/2023 581.75 30/03/2017 Books B09478
          Smt. Bakul Tambat Institute of Nursing Education Smt. Bakul Tambat Institute of Nursing Education 10/12/2020 S.K.Kothari,Pune. 895.00 189   P 618 SHA B09478 BTIN-BK-9479 11/04/2023 581.75 30/03/2017 Books B09479
          Smt. Bakul Tambat Institute of Nursing Education Smt. Bakul Tambat Institute of Nursing Education 10/12/2020 S.K.Kothari,Pune. 895.00 189   P 618 SHA B09479 BTIN-BK-9480 11/04/2023 581.75 30/03/2017 Books B09480
          Smt. Bakul Tambat Institute of Nursing Education Smt. Bakul Tambat Institute of Nursing Education 10/12/2020 S.K.Kothari,Pune. 895.00 189   P 618 SHA B09480 BTIN-BK-9481 11/04/2023 581.75 30/03/2017 Books B09481
          Smt. Bakul Tambat Institute of Nursing Education Smt. Bakul Tambat Institute of Nursing Education 10/12/2020 S.K.Kothari,Pune. 895.00 189   P 618 SHA B09481 BTIN-BK-9482 11/04/2023 581.75 30/03/2017 Books B09482
          Smt. Bakul Tambat Institute of Nursing Education Smt. Bakul Tambat Institute of Nursing Education 10/12/2020 S.K.Kothari,Pune. 895.00 189   P 618 SHA B09482 BTIN-BK-9483 11/04/2023 581.75 30/03/2017 Books B09483